000 00264nam a22001097a 4500
008 170112b xxu||||| |||| 00| 0 eng d
020 _a9780781781213
041 _aeng
080 _212TH
_a618.2
245 _aNURSING DIAGNOSIS
_cCARPENITO-MOYET, L.J
942 _2udc
_cBK
999 _c2791
_d2791